Practicas y conceptos básicos de microeconomía / (Registro nro. 12244)
[ vista simple ]
| 000 -LEADER | |
|---|---|
| fixed length control field | 01522nam a2200289Ia 4500 |
| 003 - CONTROL NUMBER IDENTIFIER | |
| control field | OSt |
| 005 - DATE AND TIME OF LATEST TRANSACTION | |
| control field | 20210824102541.0 |
| 008 - FIXED-LENGTH DATA ELEMENTS--GENERAL INFORMATION | |
| fixed length control field | 210310s2014 sp ad gr 000 0 spa d |
| 020 ## - INTERNATIONAL STANDARD BOOK NUMBER | |
| International Standard Book Number | 9788473569880 |
| 040 ## - CATALOGING SOURCE | |
| Original cataloging agency | CO-JMCR |
| Transcribing agency | CO-JMCR |
| 041 0# - LANGUAGE CODE | |
| Language code of text/sound track or separate title | spa |
| 082 04 - DEWEY DECIMAL CLASSIFICATION NUMBER | |
| Classification number | 338.5 / |
| Item number | F866p |
| Edition number | 23 |
| 100 1# - MAIN ENTRY--PERSONAL NAME | |
| Personal name | Freire Rubio, Maria Teresa, |
| Relator term | autora |
| 9 (RLIN) | 27682 |
| 245 10 - TITLE STATEMENT | |
| Title | Practicas y conceptos básicos de microeconomía / |
| Statement of responsibility, etc. | María Teresa Freire Rubio, Raimundo Viejo Rubio, Francisco José Blanco jiménez |
| 250 ## - EDITION STATEMENT | |
| Edition statement | 4ª. edición. |
| 260 ## - PUBLICATION, DISTRIBUTION, ETC. | |
| Place of publication, distribution, etc. | Madrid, España : |
| Name of publisher, distributor, etc. | Universidad Rey Juan Carlos, |
| Date of publication, distribution, etc. | 2014. |
| 300 ## - PHYSICAL DESCRIPTION | |
| Extent | 159 páginas : |
| Other physical details | ilustraciones y gráficas en blanco y negro ; |
| Dimensions | 24 cm. |
| 504 ## - BIBLIOGRAPHY, ETC. NOTE | |
| Bibliography, etc. note | Bibliografía : páginas 157-159. |
| 505 0# - FORMATTED CONTENTS NOTE | |
| Formatted contents note | Comportamiento de los consumidores. -- Comportamiento de los productores. -- Un lugar de encuentro para el intercambio. -- Mercado de competencia perfecta. -- Monopolio. -- Oligopolio. -- Oligopolio y competencia monopolística. -- Fallos de mercado e intervención pública. |
| 520 0# - SUMMARY, ETC. | |
| Summary, etc. | El presente libro pretende cumplir la función de apoyo a los manuales de introducción a la microeconomía elemental, utilizados por aquellos que por primera vez se enfrentan con el estudio de esta materia. |
| 650 14 - SUBJECT ADDED ENTRY--TOPICAL TERM | |
| Topical term or geographic name entry element | Microeconomía |
| 9 (RLIN) | 39586 |
| 650 24 - SUBJECT ADDED ENTRY--TOPICAL TERM | |
| Topical term or geographic name entry element | Problemas y ejercicios |
| 9 (RLIN) | 39587 |
| 650 24 - SUBJECT ADDED ENTRY--TOPICAL TERM | |
| Topical term or geographic name entry element | Microeconomía |
| General subdivision | Problemas. |
| 9 (RLIN) | 39588 |
| 700 1# - ADDED ENTRY--PERSONAL NAME | |
| Personal name | Viejo Rubio, Raimundo, |
| Relator term | autor |
| 9 (RLIN) | 39589 |
| 700 1# - ADDED ENTRY--PERSONAL NAME | |
| Personal name | Blanco Jiménez, Francisco José, |
| Relator term | autor |
| 9 (RLIN) | 39590 |
| 942 ## - ADDED ENTRY ELEMENTS (KOHA) | |
| Source of classification or shelving scheme | Dewey Decimal Classification |
| Koha item type | Books |
| Withdrawn status | Lost status | Source of classification or shelving scheme | Damaged status | Not for loan | Home library | Current library | Shelving location | Date acquired | Source of acquisition | Total Checkouts | Full call number | Barcode | Date last seen | Date last checked out | Copy number | Price effective from | Koha item type |
|---|---|---|---|---|---|---|---|---|---|---|---|---|---|---|---|---|---|
| Dewey Decimal Classification | Biblioteca Pública José María del Castillo y Rada | Biblioteca Pública José María del Castillo y Rada | General Stacks | 04/15/2018 | Donación | 2 | 338.5 / F866p | 430013335 | 05/16/2024 | 03/07/2023 | Ej.1 | 03/10/2021 | Books |